[Event "Manaus op 2nd"]
[Site "Manaus"]
[Date "2023.10.17"]
[Round "9"]
[White "Da Silva, Vitoria Aparecida V"]
[Black "Lima, Leonardo de Andrade"]
[Result "1-0"]
[WhiteElo "1565"]
[BlackElo "1791"]
[PlyCount "67"]
[EventDate "2023.10.11"]
[EventType "swiss"]
[EventRounds "9"]
[EventCountry "BRA"]
[SourceTitle "Mega2024 Update 01"]
[Source "Chessbase"]
[SourceDate "2023.11.12"]
[SourceVersion "1"]
[SourceVersionDate "2023.11.12"]
[SourceQuality "1"]

1. e4 c6 2. d3 d5 3. Nd2 dxe4 4. dxe4 e5 5. Ngf3 Bd6 6. Bc4 Nf6 7. 0-0 Bg4 8. h3 Bh5 9. Re1 0-0 10. Nf1 Re8 11. Ng3 Bg6 12. Bg5 h6 13. Bd2 b5 14. Bb3 Na6 15. c3 Nc5 16. Bc2 Qc7 17. b4 Ncd7 18. Nh4 Nb6 19. Qf3 Be7 20. Ngf5 Nc4 21. Bc1 Nd6 22. Be3 a5 23. Rad1 axb4 24. Nxe7+ Rxe7 25. Nxg6 fxg6 26. Bc5 Rd7 27. cxb4 Kh7 28. Bb3 Rad8 29. Be6 Re7 30. Bb3 Nc4 31. Rxd8 Qxd8 32. Bxe7 Qxe7 33. Bxc4 bxc4 34. Qc3 1-0

[Event "Manaus op 2nd"]
[Site "Manaus"]
[Date "2023.10.16"]
[Round "8"]
[White "Lima, Leonardo de Andrade"]
[Black "Reis Neto, Agassiz Rubim Da Si"]
[Result "1-0"]
[WhiteElo "1791"]
[BlackElo "1147"]
[PlyCount "63"]
[EventDate "2023.10.11"]
[EventType "swiss"]
[EventRounds "9"]
[EventCountry "BRA"]
[SourceTitle "Mega2024 Update 01"]
[Source "Chessbase"]
[SourceDate "2023.11.12"]
[SourceVersion "1"]
[SourceVersionDate "2023.11.12"]
[SourceQuality "1"]

1. Nf3 c6 2. c4 d5 3. e3 Bf5 4. Nc3 Nf6 5. Qb3 Qd7 6. cxd5 Nxd5 7. Nxd5 cxd5 8. Bb5 Nc6 9. 0-0 a6 10. Ne5 Qd6 11. Bxc6+ bxc6 12. d4 f6 13. Nd3 Rb8 14. Qc3 Bxd3 15. Qxd3 a5 16. Bd2 Qc7 17. b3 e6 18. Rac1 Bd6 19. h3 0-0 20. Qc3 Bb4 21. Qc2 Bxd2 22. Qxd2 Kh8 23. Rc5 e5 24. Qxa5 Qxa5 25. Rxa5 Rfe8 26. dxe5 Rxe5 27. Rc5 Rc8 28. Rfc1 Re6 29. b4 Rd6 30. b5 Rcd8 31. Rxc6 Rxc6 32. Rxc6 1-0